00752nam a2200241 a 4500001001300000003000900013005001700022008004100039020000900080082001900089100002100108245003300129260004900162300000800211500003500219505005100254650002200305700002100327902000800348942000700356952013000363999001700493nice12345678IN_TiNIC20260116013403.0050524s1985 alia grp 000 0 eng  ac2500a500.80297bSAR aSardar, Ziauddin aArgument for Islamic Science aAligarhbCentre for Studies on Sciencec1985 a63p aincludes index and biblioraphy2 aBibliography, Sources, Glossary, Abbreviations aIslam and Science1 aSardar, Ziauddin bSRS cBK 001040708StackRoom-aHMIbHMId2009-12-02g25.00l1o500.80297 SARp018481r2017-11-09s2017-11-02v25.00w2005-05-24yBK c10807d10807